| 000 | 01590nam0a2200313 4500 | ||
|---|---|---|---|
| 001 | RU\NLR\BIBL_A\011625365 | ||
| 005 | 20260406133602.0 | ||
| 010 | _a9785756709414 | ||
| 035 | _a(NLR Aleph) 011625365 | ||
| 090 |
_a11005519 _c11005519 |
||
| 100 | _a20180209d2018 u y0rusy50 ca | ||
| 101 | 0 | _arus | |
| 102 | _aRU | ||
| 105 | _ay|||j|||001zy | ||
| 200 | 1 |
_aИстория международных отношений, 1945–2017 _eучебное пособие для студентов высших учебных заведений, обучающихя по направлениям "Международные отношения" и "Зарубежное регионоведение" _fА. Д. Богатуров, В. В. Аверков |
|
| 205 | _a2-е изд., испр. и доп. | ||
| 210 |
_aМосква _cАспект Пресс _d2018 |
||
| 215 |
_a559, [1] с. _d21 |
||
| 225 | 1 | _aУчебное пособие для бакалавров | |
| 320 | _aБиблиогр.: с. 510-511, с. 559-560 | ||
| 320 | _aИмен. указ.: с. 549-558 | ||
| 606 |
_aМеждународные отношения _jУчебно-методические пособия для высших учебных заведений _z1945 - _9952191 _3RU\NLR\AUTH\6635336 |
||
| 686 | 1 | _aТ3(0)63-6я73 | |
| 700 | 1 |
_8rus _7ca _aБогатуров _bА. Д. _f1954- _gАлексей Демосфенович _3RU\NLR\AUTH\772081 _9112098 |
|
| 701 | 1 |
_aАверков _bВ. В. _gВиктор Викторович |
|
| 942 | _cBOOK | ||
| 980 | _aNBR | ||